Normal view MARC view
  • Generals

Entry Topical Term

Number of records used in: 1

001 - CONTROL NUMBER

  • control field: 49956

003 - CONTROL NUMBER IDENTIFIER

  • control field: NUST

005 - DATE AND TIME OF LATEST TRANSACTION

  • control field: 20210314134505.0

008 - FIXED-LENGTH DATA ELEMENTS

  • fixed length control field: 210314|| aca||aabn | a|a d

040 ## - CATALOGING SOURCE

  • Original cataloging agency: NUST
  • Transcribing agency: NUST

150 ## - HEADING--TOPICAL TERM

  • Topical term or geographic name entry element: Generals
  • Geographic subdivision: Great Britain
  • General subdivision: Biography

670 ## - SOURCE DATA FOUND

  • Source citation: Work cat.: (NUST): Buchan, John, 11826, Oliver Cromwell /, 1934.
© 2023 Central Library, National University of Sciences and Technology. All Rights Reserved.